00386nam a2200145Ia 450000500170000000800410001702000180005808200150007610000180009124500290010926000600013830000130019865000110021165000180022220241014070013.0240331s9999 xx 000 0 und d a955955906911X bRANa820  aRanasinghe, A 0aDesire and other stories aColombobEnglish Writers Cooperative of Sri Lankac1994 a144 p ., a Poems aShort Stories